|
|
|
|
| LEADER |
00000nam0a2200000 4500 |
| 001 |
19078 |
| 005 |
20231030191529.0 |
| 035 |
|
|
|a (RuTPU)RU\TPU\book\19236
|
| 035 |
|
|
|a BOOK00000047
|
| 090 |
|
|
|a 19078
|
| 100 |
|
|
|a 20011209f m y0rusy50 ca
|
| 101 |
0 |
|
|a rus
|
| 105 |
|
|
|a y z 000zy
|
| 200 |
1 |
|
|a Закон Божий
|e Книга о православной вере
|
| 210 |
|
|
|a [Б. м.]
|d Б.г.
|
| 215 |
|
|
|a 368 с.
|
| 610 |
1 |
|
|a религия
|
| 610 |
1 |
|
|a христианство
|
| 610 |
1 |
|
|a православие
|
| 610 |
1 |
|
|a история
|
| 610 |
1 |
|
|a Русская церковь
|
| 686 |
|
|
|a Э37
|v LBC/SL-A
|2 rubbk
|
| 801 |
|
0 |
|a RU
|b 63413507
|c 20011209
|g PSBO
|
| 801 |
|
2 |
|a RU
|b 63413507
|c 20120418
|g PSBO
|
| 942 |
|
|
|c BK
|